Working with Text and Around Text in Foreign Language Environments

This book investigates the three pivotal points of text for foreign language acquisition: reception, construction and deconstruction. In Part One, the focus is on various aspects of text reception, such as developing literacy, text interest, and perceptions of the academic register or the assessment...

Full description

Bibliographic Details
Corporate Author: SpringerLink (Online service)
Other Authors: Chodkiewicz, Halina (Editor), Steinbrich, Piotr (Editor), Krzemińska-Adamek, Małgorzata (Editor)
Format: Electronic eBook
Language:English
Published: Cham : Springer International Publishing : Imprint: Springer, 2016.
Series:Second Language Learning and Teaching,
Subjects:
Online Access:Full Text via HEAL-Link
LEADER 02935nam a22004815i 4500
001 978-3-319-33272-7
003 DE-He213
005 20160628172000.0
007 cr nn 008mamaa
008 160628s2016 gw | s |||| 0|eng d
020 |a 9783319332727  |9 978-3-319-33272-7 
024 7 |a 10.1007/978-3-319-33272-7  |2 doi 
040 |d GrThAP 
050 4 |a LC8-6691 
072 7 |a CJ  |2 bicssc 
072 7 |a EDU018000  |2 bisacsh 
082 0 4 |a 407.1  |2 23 
245 1 0 |a Working with Text and Around Text in Foreign Language Environments  |h [electronic resource] /  |c edited by Halina Chodkiewicz, Piotr Steinbrich, Małgorzata Krzemińska-Adamek. 
264 1 |a Cham :  |b Springer International Publishing :  |b Imprint: Springer,  |c 2016. 
300 |a XVIII, 288 p. 18 illus., 11 illus. in color.  |b online resource. 
336 |a text  |b txt  |2 rdacontent 
337 |a computer  |b c  |2 rdamedia 
338 |a online resource  |b cr  |2 rdacarrier 
347 |a text file  |b PDF  |2 rda 
490 1 |a Second Language Learning and Teaching,  |x 2193-7648 
505 0 |a Principles of Task Design in Reading for Polish Learners of English as a Foreign Language -- Mental Model Theories in Reading Research and Instruction -- On Texts Interesting to Read in Foreign Language Teaching -- The Learning Potential of Study Questions in TEFL Textbooks -- Learner Perception of Academic Register at the Undergraduate Level -- Assessment of Language Learners’ Spoken Texts: Overview of Key Issues. 
520 |a This book investigates the three pivotal points of text for foreign language acquisition: reception, construction and deconstruction. In Part One, the focus is on various aspects of text reception, such as developing literacy, text interest, and perceptions of the academic register or the assessment of spoken language in educational contexts. Part Two deals with various aspects of composing text, such as author identity, lexical constructs or collaborative web-based writing. Lastly, Part Three presents the various segmental items that constitute text, like lexical clustering, L1/L2 relationship, classroom talk as text, etc. The division corresponds with what can be viewed as a logical sequence of text-related processes reflected in formal learning and teaching environments. 
650 0 |a Education. 
650 0 |a Applied linguistics. 
650 0 |a Language and education. 
650 1 4 |a Education. 
650 2 4 |a Language Education. 
650 2 4 |a Applied Linguistics. 
700 1 |a Chodkiewicz, Halina.  |e editor. 
700 1 |a Steinbrich, Piotr.  |e editor. 
700 1 |a Krzemińska-Adamek, Małgorzata.  |e editor. 
710 2 |a SpringerLink (Online service) 
773 0 |t Springer eBooks 
776 0 8 |i Printed edition:  |z 9783319332710 
830 0 |a Second Language Learning and Teaching,  |x 2193-7648 
856 4 0 |u http://dx.doi.org/10.1007/978-3-319-33272-7  |z Full Text via HEAL-Link 
912 |a ZDB-2-EDA 
950 |a Education (Springer-41171)